Secessionist Movements by Flag - Asia - Statistics

General Stats
  • This quiz has been taken 177 times
    169 since last reset
  • The average score is 14 of 20
Answer Stats
Picture Answer % Correct
Hong Kong
100%
Taiwan
99%
Tibet
96%
Macau
94%
Palestine
94%
Kurdistan
92%
Northern Cyprus
84%
South Ossetia
84%
Abkhazia
82%
Xinjiang (East Turkestan)
71%
Nagorno-Karabakh
70%
South Yemen
67%
Assyria
63%
Inner Mongolia
63%
Karakalpakstan
45%
Tamil Eelam (Tamil Tigers)
44%
Hokkaido
38%
Siberia
32%
Balochistan
28%
Aceh
26%
No matching quizzes found
Score Distribution
Percent of People with Each Score
Percentile by Number Answered
Your Score History
You have not taken this quiz since the last reset